Hợp chất trong dấu móc vuông

Giới thiệu về hợp chất phức: cấu trúc, cách hình thành, đặc điểm liên kết và các tính chất khác. Sự phối trí và vai trò quan trọng của phức chất trong tự nhiên và trong kỹ thuật: vật lý hoá học, sinh học, toán học, luyện kim...

Na minha lista:
Detalhes bibliográficos
Autor principal: Makasev, Iu.A.
Outros Autores: Zamiatkina, V.M. (Tác giả), Lê Chí Kiên (Dịch)
Formato: Livro
Publicado em: H. Khoa học và kỹ thuật 1980
Assuntos:
Tags: Adicionar Tag
Sem tags, seja o primeiro a adicionar uma tag!
Thư viện lưu trữ: Mạng thư viện Đại học Đà Nẵng
LEADER 01523nam a22003738a 4500
001 000008480
003 4669
005 20111018141035.0
008 111018s1980 b 000 0 od
020 |c 7500đ  |d 12500b 
041 0 |a dịch liên xô 
082 |a 547  |b MA-L 
084 |a D 
100 1 |a Makasev, Iu.A. 
245 1 0 |a Hợp chất trong dấu móc vuông  |c Iu.A. Makasev, V.M. Zamiatkina ; Lê Chí Kiên dịch 
260 |a H.  |b Khoa học và kỹ thuật  |c 1980 
300 |a 255tr : minh hoạ  |c 19cm 
500 |a dịch theo nguyên bản tiếng Nga 
520 |a Giới thiệu về hợp chất phức: cấu trúc, cách hình thành, đặc điểm liên kết và các tính chất khác. Sự phối trí và vai trò quan trọng của phức chất trong tự nhiên và trong kỹ thuật: vật lý hoá học, sinh học, toán học, luyện kim... 
653 |a hoá học 
653 |a hợp chất 
700 1 |a Zamiatkina, V.M.  |e Tác giả 
700 1 |a Lê Chí Kiên  |e Dịch 
910 |a Nguyễn Thị Kim Oanh  |d 18/10/2011 
OWN |a LSP 
AVA |a UDN50  |b LSP  |d 547 MA-L  |e available  |t Error 5001 Not defined in file expand_doc_bib_avail.  |f 3  |g 1  |h N  |i 0  |k 1 
999 |a From the UDN01 
AVA |a UDN50  |b LSP  |d 547 MA-L  |e available  |t Error 5001 Not defined in file expand_doc_bib_avail.  |f 3  |g 1  |h N  |i 0  |k 1 
TYP |a Monograph 
TYP |a Printed language 
980 |a Mạng thư viện Đại học Đà Nẵng